Statistics for United Rugby Championship Top 4

Click here to take the quiz!

General Stats

  • This quiz has been taken 9 times
    (4 since last reset)
  • The average score is 75 of 88

Answer Stats

Year#Answer% Correct
2003-044Celtic Warriors
100%
2009-103Glasgow Warriors
100%
2018-192Glasgow Warriors
100%
2011-124Glasgow Warriors
100%
2014-151Glasgow Warriors
100%
2013-142Glasgow Warriors
100%
2001-024Glasgow Warriors
100%
2017-183Glasgow Warriors
100%
2015-163Glasgow Warriors
100%
2012-133Glasgow Warriors
100%
2004-053Leinster
100%
2011-122Leinster
100%
2010-112Leinster
100%
2006-073Leinster
100%
2009-102Leinster
100%
2008-093Leinster
100%
2021-223Leinster
100%
2022-233Leinster
100%
2015-162Leinster
100%
2001-021Leinster
100%
2005-062Leinster
100%
2019-201Leinster
100%
2007-081Leinster
100%
2012-131Leinster
100%
2013-141Leinster
100%
2017-181Leinster
100%
2018-191Leinster
100%
2020-211Leinster
100%
2017-184Munster
100%
2018-193Munster
100%
2005-063Munster
100%
2013-143Munster
100%
2019-204Munster
100%
2002-031Munster
100%
2007-083Munster
100%
2020-212Munster
100%
2008-091Munster
100%
2010-111Munster
100%
2016-172Munster
100%
2022-231Munster
100%
2014-152Munster
100%
2011-123Munster
100%
2004-052Munster
100%
2009-104Munster
100%
2001-022Munster
100%
2022-232Stormers
100%
2021-221Stormers
100%
2015-164Ulster
100%
2014-154Ulster
100%
2020-213Ulster
100%
2013-144Ulster
100%
2018-194Ulster
100%
2021-224Ulster
100%
2001-023Ulster
100%
2010-113Ulster
100%
2002-033Ulster
100%
2005-061Ulster
100%
2019-202Ulster
100%
2003-042Ulster
100%
2012-132Ulster
100%
2021-222Vodacum Bulls
100%
2007-082Cardiff Blues
67%
2006-072Cardiff Blues
67%
2020-214Connacht
67%
2015-161Connacht
67%
2022-234Connacht
67%
2008-092Edinburgh
67%
2019-203Edinburgh
67%
2007-084Edinburgh
67%
2004-051Neath-Swansea Ospreys
67%
2009-101Ospreys
67%
2014-153Ospreys
67%
2008-094Ospreys
67%
2010-114Ospreys
67%
2006-071Ospreys
67%
2016-174Ospreys
67%
2011-121Ospreys
67%
2002-034Cardiff
33%
2005-064Cardiff Blues
33%
2016-173Llanelli Scarlets
33%
2012-134Llanelli Scarlets
33%
2017-182Llanelli Scarlets
33%
2016-171Llanelli Scarlets
33%
2006-074Llanelli Scarlets
33%
2003-043Newport Gwent Dragons
33%
2004-054Newport Gwent Dragons
33%
2003-041Llanelli Scarlets
0%
2002-032Neath
0%

Score Distribution

Percentile by Number Answered

Percent of People with Each Score

Your Score History

You have not taken this quiz since the last reset